000 00609nam a2200205 ar4500
001 853
005 20221127090033.0
008 080611s xxu a 00110|eng d
020 _a0060005696
041 0 _aEng
082 0 4 _a153.83
_bSch96 2004
_222
100 1 _aSchwartz, Barry,
_d1837-1923.
245 1 4 _aThe paradox of choice :
_bwhy more is less /
_cB. Schwartz.
250 _a1st ed.
260 _aNew York :
_bECCO,
_c2004.
300 _axi, 265 p. :
_bill. ;
_c21 cm.
504 _aIncludes bibl. references and index.
650 4 _aChoice(Psychology).
650 4 _aDecision making
_xPsychological aspects.
999 _c853
_d853